Národný socializmus a slovanský svet

Bibliographic Details
Main Author: Vergesová, Darina (Author)
Format: Article
Language:Slovak
ISSN:1335-3470
Subjects:
Online Access:http://www.kultura-fb.sk/new/old/archive/pdf/kult1510.pdf

MARC

LEADER 00000nab a2200000 a 4500
001 vtls010183781
003 SK-MaSNL
005 20260305032238.0
008 250507c2010 xo ||||||||||||00 b|slo
015 |a SNBRB2010/10  |2 snkbucl 
035 |a (uuid)58ea2a70-b3af-4896-8f31-0098cfbc837d 
035 |a urn:nbn:sk:snk-ab96dt 
035 |a (urnnbn)urn:nbn:sk:snk:ar-0071uz 
038 |a SNKBUCL 
040 |a SNKBUCL  |b slo  |c SNKBUCL  |e AACR2 
041 0 |a slo 
044 |a xo  |c SK 
080 |a 321.64  |x (430)  |2 2001 
080 |a 323.14  |x (430)  |2 2001 
080 |a 323.12  |x (=16)  |2 2001 
080 |a 94(=16)  |2 2001 
080 |a 327  |x (430)  |2 2001 
100 1 |a Vergesová, Darina  |4 aut  |9 504978 
245 1 0 |a Národný socializmus a slovanský svet  |c Darina Vergesová 
600 1 7 |a Pustet, Friedrich  |t Der Nationalsozialismus und die slawische Welt  |2 snkbucl  |9 1611337 
650 0 7 |a národný socializmus  |2 snkbucl  |9 83316 
650 0 7 |a Slovania  |2 snkbucl  |9 18587 
650 0 7 |a rasové teórie  |2 snkbucl  |9 83658 
651 7 |a Nemecko  |x dejiny  |2 snkbucl  |9 27870 
651 7 |a Nemecko  |x zahraničná politika  |2 snkbucl  |9 598522 
655 7 |a štúdie  |2 snkbucl  |9 57033 
773 0 |t Kultúra  |g Roč. XIII, č. 15 (2010), s. 8-9  |x 1335-3470 
850 |a Slovenská národná knižnica 
852 |a Slovenská národná knižnica 
856 4 1 |u http://www.kultura-fb.sk/new/old/archive/pdf/kult1510.pdf 
954 |a odborná, vedecká literatúra pôvodná (slovenská)  |2 lita 
958 |a article13 
958 |a OND 
958 |a SS 
958 |a DE 
958 |a EUIPO 
999 |c 3319280  |d 3321210